=LDR 00000nam 2200000 4500 =001 INLIS000000000044593 =005 20140415132251.0 =006 =007 =008 Ind =035 ##$$a 0010-101300000002515 =041 ##$$a Ind =082 ##$$a 384.553 2 =090 ##$$a 384.553 2 , Noy a =100 ##$$a Noya, Andy F =245 ##$$a Andy's Corner , Andy F. Noya =260 ##$$a 2009 $b Yogyakarta =300 ##$$a 207 hlm. , ilus , 19 cm =850 ##$$a NBPNMAT